Central Library OPAC University of Rajshahi

উৎপাদনব্যয় হিসাববিজ্ঞান / (Record no. 40167)

MARC details
000 -LEADER
fixed length control field 00862nam a2200253 a 4500
001 - CONTROL NUMBER
control field 40167
003 - CONTROL NUMBER IDENTIFIER
rucl marc code BD-RjUL
005 - DATE AND TIME OF LATEST TRANSACTION
control field 20211209053142.0
008 - FIXED-LENGTH DATA ELEMENTS--GENERAL INFORMATION
fixed length control field 160423r2000 bg ||||| |||| 00| 0 ben d
020 ## - INTERNATIONAL STANDARD BOOK NUMBER
Terms of availability : TK. 80.00
035 ## - SYSTEM CONTROL NUMBER
System control number (BD-RjUL)40282
040 ## - CATALOGING SOURCE
Original cataloging agency BD-RjUL
Language of cataloging ben
Transcribing agency BD-RjUL
041 ## - LANGUAGE CODE
Language code of text/sound track or separate title ben
082 ## - DEWEY DECIMAL CLASSIFICATION NUMBER
Edition number 23
Classification number 657.4
Author mark and year MOU 2000
100 ## - MAIN ENTRY--PERSONAL NAME
Personal name মণ্ডল, এম, এ
9 (RLIN) 119038
245 ## - TITLE STATEMENT
Title উৎপাদনব্যয় হিসাববিজ্ঞান /
Statement of responsibility, etc. এম, এ, মণ্ডল
250 ## - EDITION STATEMENT
Edition statement ৯ম সং.
260 ## - PUBLICATION, DISTRIBUTION, ETC. (IMPRINT)
Place of publication, distribution, etc. রাজশাহী :
Name of publisher, distributor, etc. মিসেস আখতার বানু,
Date of publication, distribution, etc. ২০০০
300 ## - PHYSICAL DESCRIPTION
Pagination খণ্ড ;
Size ২০ সেমি.
505 ## - FORMATTED CONTENTS NOTE
Formatted contents note খণ্ড-- ১ --
650 ## - SUBJECT ADDED ENTRY--TOPICAL TERM
Topical term or geographic name as entry element মূল্য-হিসাবরক্ষণ
9 (RLIN) 123669
Topical term or geographic name as entry element Cost accounting
9 (RLIN) 123670
942 ## - ADDED ENTRY ELEMENTS (KOHA)
Source of classification or shelving scheme Dewey Decimal Classification
Koha item type Books
Holdings
Lost status Source of classification or shelving scheme Damaged status Not for loan Collection code Permanent Location Current Location Shelving location Date acquired Source of acquisition Cost, normal purchase price Total Checkouts Full call number Date last seen Copy number Koha item type
  Dewey Decimal Classification   Not For Loan Non-fiction Central Library, University of Rajshahi Central Library, University of Rajshahi Reading Room 29/03/2001 RU Accounting, prof. MA.A. Mondol 80.00   B 657.4 MOU V-1 2000 23/04/2016 C-1 Books